000 00825nam a2200205 i 4500
999 _c7966
_d7966
001 991058478168306706
003 OSt
005 20241128175049.0
006 m o d |
007 cr |||||||||||
008 201029s2019 sp a ob 000 0 spa d
040 _aCDMR
_cCDMR
_bcat
110 _94985
_aObertament
245 1 0 _aGuia d'estil per a mitjans de comunicació
_b: recomanacions per a la creació de contingut ètic i responsable sobre salut mental [recurs electrònic]
_c/ Coordinació i redacció: Obertament
260 _aBarcelona
_b: Obertament,
_c[2024]
300 _a1 recurs electrònic (31 pàgines)
650 0 _aSalut mental
_94986
_xCobertura periodística
856 _zAccés en línia
_uhttps://www.obertament.org/wp-content/uploads/2024/03/Obertament_GuiaMitjans2024.pdf
942 _2udc
_cRECURS_WEB